Message of the President of the United States, transmitting a copy of an instruction from Prince Gortchacow to the Minister of Russia, accredited to this Government, and a note of the Secretary of State to the latter, relative to the adjustment of the question between the United States and Great Britain, growing out of the removal of certain citizens of the United States from the British mail steamer Trent.

Bibliographic Details
Corporate Author: ProQuest (Firm)
Format: eBook
Language:English
Published: Washington : [publisher not identified], 1862.
Series:United States congressional serial set.
Subjects:
Online Access:Connect to the full text of this electronic book

MARC

Tag First Indicator Second Indicator Subfields
LEADER 00000cam a22000001a 4500
001 in00002877513
005 20190401170324.0
006 m o d
007 cr un mmmapmmp
008 061104s1862 dcu o f000 0 eng d
035 |a cis2004014568 
040 |a UMI  |c UMI  |d UtOrBLW 
043 |a n-us--- 
099 |a ProQuest Serial Set Number 1121 S.exdoc.22 
245 0 0 |a Message of the President of the United States, transmitting a copy of an instruction from Prince Gortchacow to the Minister of Russia, accredited to this Government, and a note of the Secretary of State to the latter, relative to the adjustment of the question between the United States and Great Britain, growing out of the removal of certain citizens of the United States from the British mail steamer Trent. 
246 1 |a Presidential message transmitting copy of instruction to minister of Russia in United States, and note to Secretary of State on removal of James M. Mason and John Slidell from British steamer Trent 
264 1 |a Washington :  |b [publisher not identified],  |c 1862. 
300 |a 1 online resource. 
336 |a text  |b txt  |2 rdacontent 
337 |a computer  |b c  |2 rdamedia 
338 |a online resource  |b cr  |2 rdacarrier 
490 0 |a S.exdoc.22 
500 |a Record is based on bibliographic data in ProQuest U.S. Serial Set Digital Collection (last viewed Nov. 2006). Reuse except for individual research requires license from ProQuest, LLC. 
510 3 |a ProQuest U.S. Serial Set Digital Collection 
500 |a Electronic resource. 
610 2 0 |a Trent (Ship) 
650 0 |a International relations. 
650 0 |a Mail steamers. 
655 7 |a Electronic books.  |2 local 
710 2 |a ProQuest (Firm) 
830 0 |a United States congressional serial set. 
856 4 0 |u http://proxy.library.tamu.edu/login?url=http://congressional.proquest.com/congcomp/getdoc?SERIAL-SET-ID=1121+S.exdoc.22  |z Connect to the full text of this electronic book  |t 0 
999 |a MARS 
999 f f |s 7706b945-48d2-312a-aa1f-affc8f70a05b  |i 93518777-07b4-3958-a73b-077aec7cd2a5  |t 0 
952 f f |a Texas A&M University  |b College Station  |c Electronic Resources  |d Available Online  |t 0  |e ProQuest Serial Set Number 1121 S.exdoc.22  |h Other scheme 
998 f f |a ProQuest Serial Set Number 1121 S.exdoc.22  |t 0  |l Available Online